000 00290nam a22001337a 4500
008 170314b xxu||||| |||| 00| 0 eng d
020 _a072169098
041 _aeng
080 _25 ED
_a591
100 _a7
101 _aSHM
245 _aVERTEBRATE DISSECTION
_cWALKER.W
942 _2udc
_cBK
999 _c7759
_d7759